Clinical psychiatry / (Record no. 133596)

MARC details
000 -LEADER
fixed length control field 00876nam a22002777a 4500
005 - DATE AND TIME OF LATEST TRANSACTION
control field 20170124110212.0
010 ## - LIBRARY OF CONGRESS CONTROL NUMBER
LC control number A-948425
020 ## - INTERNATIONAL STANDARD BOOK NUMBER
Terms of availability 00.00
035 ## - SYSTEM CONTROL NUMBER
System control number A-948425
037 ## - SOURCE OF ACQUISITION
Source of stock number/acquisition Cen Lib/Ret
040 ## - CATALOGING SOURCE
Original cataloging agency DPL
Language of cataloging EN
082 ## - DEWEY DECIMAL CLASSIFICATION NUMBER
Classification number 616.89
Item number SLA
100 ## - MAIN ENTRY--PERSONAL NAME
Personal name Slater, Mayer-Gross
9 (RLIN) 38378
245 ## - TITLE STATEMENT
Title Clinical psychiatry /
Statement of responsibility, etc by Mayer-Gross Slater [and] Roth; edited by Aliot slater [and] Martin Roth
250 ## - EDITION STATEMENT
Edition statement 3rd ed
260 ## - PUBLICATION, DISTRIBUTION, ETC. (IMPRINT)
Place of publication, distribution, etc Delhi
Name of publisher, distributor, etc A.I.T.B.S. publishers
Date of publication, distribution, etc 1998
270 ## - ADDRESS
Address J-5/6, Krishna nagar
City Delhi
Postal code 110051
300 ## - PHYSICAL DESCRIPTION
Extent xvi,901p.
Dimensions 23cm(Hb)
500 ## - GENERAL NOTE
General note Includes bibliographical references and index
650 ## - SUBJECT ADDED ENTRY--TOPICAL TERM
Topical term or geographic name as entry element Clinical psychiatry
9 (RLIN) 38379
650 ## - SUBJECT ADDED ENTRY--TOPICAL TERM
Topical term or geographic name as entry element Personality deviations
9 (RLIN) 38380
700 ## - ADDED ENTRY--PERSONAL NAME
Personal name Roth
9 (RLIN) 74178
700 ## - ADDED ENTRY--PERSONAL NAME
Personal name Slater, Eliot
9 (RLIN) 38381
700 ## - ADDED ENTRY--PERSONAL NAME
Personal name Roth, Martin
9 (RLIN) 38382
942 ## - ADDED ENTRY ELEMENTS (KOHA)
Source of classification or shelving scheme Dewey Decimal Classification
Koha item type English Books
Classification part 616.89
Call number suffix SLA
Holdings
Withdrawn status Lost status Damaged status Not for loan Home library Current library Date acquired Source of acquisition Cost, normal purchase price Total Checkouts Full call number Barcode Date last seen Date checked out Copy number Cost, replacement price Price effective from Koha item type
        Central Library Central Library 27/07/2015 Cen Lib/Ret 0.00 1 616.89 SLA A-948425 06/05/2025 09/04/2025 1 0.00 27/07/2015 English Books

© Delhi Public Library
Hit Counter
free hit counter